Central Library OPAC University of Rajshahi

In Afghanistan's shadow : (Record no. 28005)

MARC details
000 -LEADER
fixed length control field 01000cam a2200289 a 4500
001 - CONTROL NUMBER
control field 28005
003 - CONTROL NUMBER IDENTIFIER
rucl marc code BD-RjUL
005 - DATE AND TIME OF LATEST TRANSACTION
control field 20211209051228.0
008 - FIXED-LENGTH DATA ELEMENTS--GENERAL INFORMATION
fixed length control field 140329s1981 nyuaf b 001 0 eng
020 ## - INTERNATIONAL STANDARD BOOK NUMBER
International Standard Book Number 0870030299 :
International Standard Book Number 0870030302 (pbk.) :
035 ## - SYSTEM CONTROL NUMBER
System control number (BD-RjUL)28086
040 ## - CATALOGING SOURCE
Original cataloging agency DLC
Transcribing agency DLC
Modifying agency DLC
Language of cataloging eng
041 ## - LANGUAGE CODE
Language code of text/sound track or separate title eng
082 00 - DEWEY DECIMAL CLASSIFICATION NUMBER
Classification number 320.540954915
Edition number 19
Author mark and year HAI 1981
100 1# - MAIN ENTRY--PERSONAL NAME
Personal name Harrison, Selig S.
9 (RLIN) 82316
245 10 - TITLE STATEMENT
Title In Afghanistan's shadow :
Remainder of title Baluch nationalism and Soviet temptations /
Statement of responsibility, etc. Selig S. Harrison.
260 ## - PUBLICATION, DISTRIBUTION, ETC. (IMPRINT)
Place of publication, distribution, etc. New York :
Name of publisher, distributor, etc. Carnegie Endowment for International Peace,
Date of publication, distribution, etc. c1981.
300 ## - PHYSICAL DESCRIPTION
Pagination xi, 228 p., [5] p. :
Illustrations ill. ;
Size 24 cm.
504 ## - BIBLIOGRAPHY, ETC. NOTE
Bibliography, etc Includes bibliographical references and index.
650 #0 - SUBJECT ADDED ENTRY--TOPICAL TERM
Topical term or geographic name as entry element Baluchi (Southwest Asian people)
General subdivision Politics and government.
9 (RLIN) 85893
Topical term or geographic name as entry element Nationalism
Geographic subdivision Baluchistan.
9 (RLIN) 85894
651 #0 - SUBJECT ADDED ENTRY--GEOGRAPHIC NAME
Geographic name Balochistān (Pakistan)
General subdivision Politics and government.
9 (RLIN) 85895
942 ## - ADDED ENTRY ELEMENTS (KOHA)
Source of classification or shelving scheme Dewey Decimal Classification
Koha item type Books
Holdings
Lost status Source of classification or shelving scheme Damaged status Not for loan Collection code Permanent Location Current Location Shelving location Date acquired Source of acquisition Cost, normal purchase price Total Checkouts Full call number Date last seen Copy number Koha item type
  Dewey Decimal Classification   Added to bundle Non-fiction Central Library, University of Rajshahi Central Library, University of Rajshahi Reading Room 01/11/1990 Shawkat Osman 0.00   320.540954915 HAI 1981 29/03/2014 C-1 Books